000 00835nam a2200241 a 4500
001 48188
003 BD-RjUL
005 20211209054457.0
008 160813r19651953enk 000 0 eng d
035 _a(BD-RjUL)48307
035 _a2252536
040 _aD2035
_beng
_cD2035
_dXNTU
041 _aeng
082 0 4 _220
_a361.0071041
_bSMP 1965
100 1 _aSmith, Marjorie J.
_9145980
245 1 0 _aProfessional education for social work in Britain :
_ban historical account /
_cby Marjorie J. Smith ; introduction by Richard M. Titmuss.
260 _aLondon :
_bAllen & Unwin,
_c1965.
300 _a114 p. ;
_c19 cm.
500 _aFirst published in pamphlet form: 1953.
650 0 _aSocial work education
_xGreat Britain.
_9145982
942 _2ddc
_cBK
999 _c48188
_d48188